Chansons d'Orelsan - Mort Subite - Statistiques

Statistiques générales
  • Ce quiz a été pris 492 fois
    108 depuis la dernière actualisation
  • Le résultat moyen est 11 sur 18
Answers on the Grid
Answers color-coded by a green-red scale on the quiz's grid according to % correct below.
Civilisation
Génération
Manifeste
Ensemble
Demain
Changement
Différent
Ailleurs
Phénoménal
Santé
Paradis
Ailleurs
Épilogue
Désaccordé
L'Enfer
Prologue
Pyramide
Inachevés
Rêvolution
Borderline
San
Ciel
La Quête
La Source
Héra
Obsolète
Le Pacte
Mélodrama
La fièvre
Athéna
La Pluie
Scanner
Du propre
Dommage
Bloqué
La Morale
 
Statistiques - réponses
Réponse % Correct
La Quête
80%
Du propre
79%
San
79%
Civilisation
73%
La Pluie
73%
Paradis
68%
Bloqué
66%
Inachevés
63%
Manifeste
62%
Athéna
59%
Ailleurs
55%
Ensemble
52%
Épilogue
52%
Ailleurs
51%
Changement
48%
Le Pacte
45%
Différent
39%
La Morale
38%
Aucun quiz correspondant
Distribution des résultats
% des personnes avec chaque résultat
Percentile par nombre de réponses
Votre historique - résultats
Vous n’avez pas pris ce quiz depuis la dernière actualisation